000
00324nam a22001457a 4500
008
230315b ||||| |||| 00| 0 eng d
020
_a
9789951613279
041
_a
eng
080
_a
82
082
_a
82
100
_a
38
101
_a
GJUH DHE LETERSI
245
_a
TE JETOSH VERTIKALISHT
_c
ISUFAJ LUSH
942
_2
udc
_c
BK
999
_c
59358
_d
59358